NBA Teams by Championships Won - Statistics

General Stats
  • This quiz has been taken 51 times
  • The average score is 15 of 20
Answer Stats
Hint Answer % Correct
2023 Denver Nuggets
95%
1991, 1992, 1993, 1996, 1997, 1998 Chicago Bulls
93%
2016 Cleveland Cavaliers
93%
1949, 1950, 1952, 1953, 1954, 1972, 1980, 1982, 1985, 1987, 1988, 2000, 2001, 2002, 2009, 2010, 2020 Los Angeles Lakers
93%
2019 Toronto Raptors
93%
2011 Dallas Mavericks
90%
1947, 1956, 1975, 2015, 2017, 2018, 2022 Golden State Warriors
90%
2006, 2012, 2013 Miami Heat
88%
1971, 2021 Milwaukee Bucks
88%
1957, 1959, 1960, 1961, 1962, 1963, 1964, 1965, 1966, 1968, 1969, 1974, 1976, 1981, 1984, 1986, 2008, 2024 Boston Celtics
85%
1989, 1990, 2004 Detroit Pistons
83%
1994, 1995 Houston Rockets
83%
1999, 2003, 2005, 2007, 2014 San Antonio Spurs
80%
1970, 1973 New York Knicks
63%
1979, 2025 Oklahoma City Thunder
60%
1955, 1967, 1983 Philadelphia 76ers
58%
1977 Portland Trail Blazers
55%
1951 Sacramento Kings
53%
1958 Atlanta Hawks
50%
1978 Washington Wizards
38%
No matching quizzes found
Score Distribution
Percent of People with Each Score
Percentile by Number Answered
Your Score History
You have not taken this quiz